000 00502nam a2200181Ia 4500
001 18579
005 20260306171641.0
008 260306s9999||||xx |||||||||||||| ||und||
041 _aESP
082 _a658.409
_bM26I
100 _aMartin, Roger
_eAUT
245 0 _aIdeas opuestas:
_bsoluciones creativas, cómo los lideres exitosos ganan a través del pensamiento integrador
260 _c2010
300 _a222 páginas :
_c23 cm.
650 _aGEN
654 _aCAN
942 _cLIB
_dJUS
_fJUS
_2ddc
_n
999 _c18579
_d18579